000
00265nam a22001217a 4500
003
OSt
005
20250702130334.0
008
250702b |||||||| |||| 00| 0 eng d
040
_a
DLC
_b
eng
_c
DLC
082
_a
333.72092
245
_a
Unbowed: A Memoir
942
_2
ddc
_c
BK
999
_c
4112
_d
4112